000
00199cam a2200097ua 4500
100
_a
Madhavikkutty, .
245
0
0
_a
Januvamma parancha kathakal
300
_a
; .
504
_a
999
_c
13574
_d
13574